000 00476nas a2200169 c 4500
005 20231024094604.0
008 231024c2012 |||mr|p r|||| 00| 0 spa d
040 _aCHAP
090 _aRevista
245 _aDefensa fiscal :
_bla revista mexicana de estrategias fiscales
260 _aMéxico :
_bEstrategia Tributaria,
_c2012-
300 _av.
310 _aMensual
650 7 _957501
_aImpuestos
_xMéxico
650 7 _965662
_aLegislación fiscal
_zMéxico
942 _2ddc
999 _c219317
_d219317